Talent management in selected Slovak entrepises
Pojem talent manažment. Úroveň jeho vnímania a využitia vo vybraných firmách na Slovensku.
Gespeichert in:
| 1. Verfasser: | |
|---|---|
| Format: | Buchkapitel |
| Sprache: | Slowakisch |
| Schlagworte: | |
| Tags: |
Keine Tags, Fügen Sie das erste Tag hinzu!
|
MARC
| LEADER | 00000naa$a2200000$$$4500 | ||
|---|---|---|---|
| 001 | 0101385 | ||
| 005 | 20231128130622.2 | ||
| 041 | 0 | |a slo | |
| 044 | |a CZ | ||
| 245 | 1 | 0 | |a Talent management in selected Slovak entrepises |c Jozef Vodák |
| 520 | |a Pojem talent manažment. Úroveň jeho vnímania a využitia vo vybraných firmách na Slovensku. | ||
| 610 | 2 | 0 | |a talenty |
| 610 | 2 | 0 | |a talent manažment |
| 610 | 2 | 0 | |a manažment |
| 610 | 2 | 0 | |a podnik |
| 610 | 2 | 0 | |a Slovensko |
| 610 | 2 | 0 | |a riadenie ľudských zdrojov |
| 100 | 1 | |a Vodák, Jozef | |